[Event "World Chess Olympiad 2018"]
[Site "Batumi"]
[Date "2018.10.05"]
[Round "11"]
[Board "2"]
[WhiteFideId "108049"]
[White "Flores Diego"]
[BlackFideId "12809390"]
[Black "Pultinevicius Paulius"]
[Result "1-0"]
[LiveChessVersion "1.4.8"]
[BlackElo "2465"]
[WhiteElo "2621"]

1. c4 {[%clk 1:30:25]} Nf6 {[%clk 1:30:49]} 2. g3 {[%clk 1:26:49]} c6
{[%clk 1:29:42]} 3. Bg2 {[%clk 1:26:52]} d5 {[%clk 1:30:06]} 4. Nf3
{[%clk 1:27:14]} g6 {[%clk 1:30:02]} 5. b3 {[%clk 1:25:36]} Bg7 {[%clk 1:29:52]}
6. Bb2 {[%clk 1:25:54]} O-O {[%clk 1:29:44]} 7. O-O {[%clk 1:25:47]} Nbd7
{[%clk 1:29:50]} 8. Qc2 {[%clk 1:21:03]} Re8 {[%clk 1:27:01]} 9. Nc3
{[%clk 1:18:22]} dxc4 {[%clk 1:15:13]} 10. bxc4 {[%clk 1:17:50]} e5
{[%clk 1:15:35]} 11. d3 {[%clk 1:12:10]} Nc5 {[%clk 1:08:09]} 12. Rfd1
{[%clk 1:04:46]} Bf5 {[%clk 1:03:39]} 13. Nh4 {[%clk 0:56:26]} Bg4
{[%clk 0:41:56]} 14. h3 {[%clk 0:53:58]} Bd7 {[%clk 0:40:49]} 15. Nf3
{[%clk 0:42:13]} Qb6 {[%clk 0:27:58]} 16. Rab1 {[%clk 0:36:42]} Qa6
{[%clk 0:21:24]} 17. Nd2 {[%clk 0:34:00]} Be6 {[%clk 0:18:47]} 18. a4
{[%clk 0:19:09]} Rad8 {[%clk 0:12:02]} 19. Ba3 {[%clk 0:19:10]} Bf8
{[%clk 0:12:14]} 20. Bxc5 {[%clk 0:17:57]} Bxc5 {[%clk 0:12:37]} 21. Nde4
{[%clk 0:18:23]} Nd7 {[%clk 0:05:45]} 22. Qb2 {[%clk 0:17:35]} f5
{[%clk 0:00:57]} 23. Nxc5 {[%clk 0:13:50]} Nxc5 {[%clk 0:01:26]} 24. Qb4
{[%clk 0:13:56]} Qb6 {[%clk 0:01:55]} 25. Qa3 {[%clk 0:11:16]} Qa5
{[%clk 0:02:24]} 26. Nb5 {[%clk 0:11:40]} Nxa4 {[%clk 0:01:25]} 27. Nd6
{[%clk 0:11:47]} Qc5 {[%clk 0:00:35]} 28. Qxa4 {[%clk 0:10:46]} Rxd6
{[%clk 0:01:02]} 29. Rxb7 {[%clk 0:11:11]} e4 {[%clk 0:00:35]} 30. Qa1
{[%clk 0:06:48]} Bf7 {[%clk 0:00:43]} 31. d4 {[%clk 0:05:33]} Qxc4
{[%clk 0:01:06]} 32. e3 {[%clk 0:05:56]} c5 {[%clk 0:00:59]} 33. Rc1
{[%clk 0:04:51]} Ra6 {[%clk 0:01:27]} 34. Qb1 {[%clk 0:03:17]} Qd3
{[%clk 0:00:33]} 35. Rxc5 {[%clk 0:02:35]} Qxb1+ {[%clk 0:00:55]} 36. Rxb1
{[%clk 0:03:04]} Rb6 {[%clk 0:00:57]} 37. Ra1 {[%clk 0:03:04]} Re7
{[%clk 0:00:47]} 38. Rca5 {[%clk 0:00:42]} Rbb7 {[%clk 0:01:08]} 39. g4
{[%clk 0:00:40]} Be6 {[%clk 0:00:35]} 40. Kh2 Kf7 {[%clk 0:30:31]} 41. Kg3
{[%clk 0:27:20]} Ke8 {[%clk 0:20:20]} 42. R1a3 {[%clk 0:20:41]} Kd8
{[%clk 0:19:06]} 43. h4 {[%clk 0:19:58]} Rec7 {[%clk 0:17:08]} 44. f3
{[%clk 0:17:02]} Rb2 {[%clk 0:12:33]} 45. fxe4 {[%clk 0:14:06]} Rcc2
{[%clk 0:11:56]} 46. Bh1 {[%clk 0:14:27]} fxg4 {[%clk 0:10:54]} 47. Rxa7
{[%clk 0:12:48]} Rh2 {[%clk 0:08:14]} 48. Rxh7 {[%clk 0:10:50]} Rh3+
{[%clk 0:06:33]} 49. Kf4 {[%clk 0:11:13]} Rf2+ {[%clk 0:05:55]} 50. Ke5
{[%clk 0:10:55]} Ra2 {[%clk 0:04:57]} 51. Rxa2 {[%clk 0:08:52]} Bxa2
{[%clk 0:05:21]} 52. Ra7 {[%clk 0:08:39]} Bb1 {[%clk 0:04:57]} 53. Kd6
{[%clk 0:07:31]} Ke8 {[%clk 0:03:28]} 54. e5 {[%clk 0:07:34]} Rxh1
{[%clk 0:01:41]} 55. Ra8+ {[%clk 0:07:35]} 1-0

[Event "World Chess Olympiad 2018"]
[Site "Batumi"]
[Date "2018.10.05"]
[Round "11"]
[Board "3"]
[WhiteFideId "12803731"]
[White "Laurusas Tomas"]
[BlackFideId "105309"]
[Black "Peralta Fernando"]
[Result "1-0"]
[LiveChessVersion "1.4.8"]
[BlackElo "2569"]
[WhiteElo "2484"]

1. d4 {[%clk 1:30:57]} Nf6 {[%clk 1:30:43]} 2. c4 {[%clk 1:31:20]} e6
{[%clk 1:31:09]} 3. Nf3 {[%clk 1:31:38]} d5 {[%clk 1:31:20]} 4. Nc3
{[%clk 1:31:58]} Bb4 {[%clk 1:31:37]} 5. Bg5 {[%clk 1:32:19]} h6 {[%clk 1:30:16]}
6. Bxf6 {[%clk 1:31:59]} Qxf6 {[%clk 1:30:41]} 7. e3 {[%clk 1:32:19]} O-O
{[%clk 1:30:24]} 8. Rc1 {[%clk 1:32:42]} dxc4 {[%clk 1:30:06]} 9. Bxc4
{[%clk 1:33:03]} c5 {[%clk 1:30:27]} 10. O-O {[%clk 1:33:00]} cxd4
{[%clk 1:30:27]} 11. Ne4 {[%clk 1:33:20]} Qe7 {[%clk 1:29:36]} 12. Nxd4
{[%clk 1:33:39]} Bd7 {[%clk 1:25:54]} 13. Qh5 {[%clk 1:31:54]} Nc6
{[%clk 1:19:08]} 14. Nb3 {[%clk 1:31:56]} f5 {[%clk 1:11:26]} 15. a3
{[%clk 1:28:45]} Ne5 {[%clk 1:10:38]} 16. Be2 {[%clk 0:58:57]} Be8
{[%clk 1:05:20]} 17. Qh3 {[%clk 0:58:21]} Bc6 {[%clk 1:05:12]} 18. axb4
{[%clk 0:50:28]} Bxe4 {[%clk 1:04:58]} 19. Qg3 {[%clk 0:43:34]} Qg5
{[%clk 1:01:07]} 20. Rc7 {[%clk 0:35:03]} Qxg3 {[%clk 0:54:51]} 21. hxg3
{[%clk 0:35:26]} Bd5 {[%clk 0:53:24]} 22. Nd2 {[%clk 0:29:41]} Rac8
{[%clk 0:40:44]} 23. Rfc1 {[%clk 0:30:05]} Rxc7 {[%clk 0:38:44]} 24. Rxc7
{[%clk 0:30:29]} Rf7 {[%clk 0:38:53]} 25. Rc8+ {[%clk 0:29:58]} Rf8
{[%clk 0:39:16]} 26. Rc7 {[%clk 0:26:45]} Rf7 {[%clk 0:26:54]} 27. Rc8+
{[%clk 0:26:09]} Rf8 {[%clk 0:26:48]} 28. Rc3 {[%clk 0:22:18]} Rd8
{[%clk 0:25:52]} 29. f3 {[%clk 0:22:47]} a6 {[%clk 0:22:51]} 30. Kf2
{[%clk 0:21:19]} Rd6 {[%clk 0:18:23]} 31. Rc5 {[%clk 0:20:02]} Kf7
{[%clk 0:13:49]} 32. e4 {[%clk 0:17:41]} fxe4 {[%clk 0:13:04]} 33. fxe4
{[%clk 0:18:10]} Bc6 {[%clk 0:13:26]} 34. Ke3 {[%clk 0:18:37]} Kf6
{[%clk 0:10:08]} 35. Nf3 {[%clk 0:19:01]} Nxf3 {[%clk 0:10:18]} 36. gxf3
{[%clk 0:19:25]} e5 {[%clk 0:09:00]} 37. b5 {[%clk 0:12:58]} axb5
{[%clk 0:08:08]} 38. Bxb5 {[%clk 0:13:27]} g5 {[%clk 0:05:46]} 39. f4
{[%clk 0:11:55]} gxf4+ {[%clk 0:03:44]} 40. gxf4 {[%clk 0:42:21]} exf4+
{[%clk 0:34:05]} 41. Kxf4 {[%clk 0:42:48]} Ke7 {[%clk 0:33:12]} 42. Bc4
{[%clk 0:28:52]} Rf6+ {[%clk 0:31:15]} 43. Ke3 {[%clk 0:28:59]} Rg6
{[%clk 0:30:05]} 44. Re5+ {[%clk 0:26:50]} Kd6 {[%clk 0:27:38]} 45. Rh5
{[%clk 0:27:13]} Ke7 {[%clk 0:26:10]} 46. b4 {[%clk 0:23:05]} Bd7
{[%clk 0:24:56]} 47. Kd4 {[%clk 0:21:28]} b6 {[%clk 0:14:14]} 48. Rh1
{[%clk 0:19:05]} Be6 {[%clk 0:05:39]} 49. Be2 {[%clk 0:18:29]} Rg2
{[%clk 0:05:02]} 50. Bd3 {[%clk 0:18:50]} Rg6 {[%clk 0:04:29]} 51. Ra1
{[%clk 0:18:52]} Bd7 {[%clk 0:04:45]} 52. Ra8 {[%clk 0:17:52]} Rd6+
{[%clk 0:04:14]} 53. Ke3 {[%clk 0:18:08]} Be8 {[%clk 0:04:17]} 54. Bc4
{[%clk 0:16:54]} h5 {[%clk 0:03:26]} 55. e5 {[%clk 0:17:11]} Rd8 {[%clk 0:03:00]}
56. Ra6 {[%clk 0:14:33]} b5 {[%clk 0:02:13]} 57. Bb3 {[%clk 0:14:50]} Rc8
{[%clk 0:02:24]} 58. Kd4 {[%clk 0:13:59]} Rd8+ {[%clk 0:01:46]} 59. Bd5
{[%clk 0:14:02]} Bd7 {[%clk 0:00:35]} 60. Rh6 {[%clk 0:11:18]} Bg4
{[%clk 0:00:41]} 61. Kc5 {[%clk 0:08:42]} Rc8+ {[%clk 0:00:33]} 62. Kxb5
{[%clk 0:08:40]} Rc1 {[%clk 0:00:42]} 63. Rh7+ {[%clk 0:07:22]} Kd8
{[%clk 0:01:06]} 64. Kb6 {[%clk 0:03:48]} Re1 {[%clk 0:01:06]} 65. Kc5
{[%clk 0:04:18]} Rxe5 {[%clk 0:00:41]} 66. Kd6 {[%clk 0:04:47]} Re1
{[%clk 0:00:32]} 67. b5 {[%clk 0:05:10]} Bf5 {[%clk 0:00:31]} 68. Rxh5
{[%clk 0:04:44]} Bg6 {[%clk 0:00:33]} 69. Rh8+ {[%clk 0:04:54]} Re8
{[%clk 0:00:41]} 70. Rh1 {[%clk 0:02:22]} Kc8 {[%clk 0:00:32]} 71. Ra1
{[%clk 0:02:14]} Rd8+ {[%clk 0:00:49]} 72. Kc5 {[%clk 0:02:42]} Bd3 1-0

[Event "World Chess Olympiad 2018"]
[Site "Batumi"]
[Date "2018.10.05"]
[Round "11"]
[Board "4"]
[WhiteFideId "110973"]
[White "Pichot Alan"]
[BlackFideId "12804444"]
[Black "Stremavicius Titas"]
[Result "0-1"]
[LiveChessVersion "1.4.8"]
[BlackElo "2467"]
[WhiteElo "2562"]

1. e4 {[%clk 1:30:54]} d6 {[%clk 1:30:50]} 2. d4 {[%clk 1:31:07]} Nf6
{[%clk 1:31:16]} 3. Nc3 {[%clk 1:31:29]} g6 {[%clk 1:31:41]} 4. f4
{[%clk 1:31:42]} Bg7 {[%clk 1:32:05]} 5. Nf3 {[%clk 1:32:05]} c5 {[%clk 1:32:29]}
6. dxc5 {[%clk 1:32:07]} Qa5 {[%clk 1:32:33]} 7. Qd4 {[%clk 1:32:20]} O-O
{[%clk 1:31:45]} 8. Bd2 {[%clk 1:32:43]} Nc6 {[%clk 1:30:49]} 9. Qc4
{[%clk 1:33:03]} Be6 {[%clk 1:31:06]} 10. Qb5 {[%clk 1:33:28]} Qc7
{[%clk 1:30:24]} 11. O-O-O {[%clk 1:33:39]} dxc5 {[%clk 1:27:46]} 12. Qxc5
{[%clk 1:33:10]} b6 {[%clk 1:28:08]} 13. Qa3 {[%clk 1:27:05]} a5 {[%clk 1:25:17]}
14. Ng5 {[%clk 1:15:04]} Bg4 {[%clk 1:12:06]} 15. Re1 {[%clk 1:15:05]} h6
{[%clk 0:45:20]} 16. h3 {[%clk 1:07:59]} hxg5 {[%clk 0:42:09]} 17. hxg4
{[%clk 1:06:28]} Rfd8 {[%clk 0:33:58]} 18. e5 {[%clk 0:33:24]} Nxg4
{[%clk 0:34:20]} 19. g3 {[%clk 0:30:57]} Qd7 {[%clk 0:31:33]} 20. Ne4
{[%clk 0:30:19]} Nf2 {[%clk 0:23:55]} 21. Rh2 {[%clk 0:27:27]} Nxe4
{[%clk 0:23:03]} 22. Rxe4 {[%clk 0:27:52]} Qd5 {[%clk 0:22:45]} 23. Bd3
{[%clk 0:18:19]} Rac8 {[%clk 0:17:37]} 24. Kb1 {[%clk 0:13:05]} Nb4
{[%clk 0:11:47]} 25. Re3 {[%clk 0:11:18]} Qc5 {[%clk 0:11:02]} 26. Bc1
{[%clk 0:09:59]} e6 {[%clk 0:09:50]} 27. fxg5 {[%clk 0:04:05]} Bxe5
{[%clk 0:06:40]} 28. Rhe2 {[%clk 0:04:20]} Bg7 {[%clk 0:05:54]} 29. Rf3
{[%clk 0:04:09]} Rd7 {[%clk 0:05:02]} 30. Rd2 {[%clk 0:03:27]} Qxg5
{[%clk 0:02:40]} 31. Qb3 {[%clk 0:02:12]} Nxd3 {[%clk 0:01:56]} 32. Rdxd3
{[%clk 0:01:32]} Rxd3 {[%clk 0:01:28]} 33. Rxd3 {[%clk 0:01:37]} Qc5
{[%clk 0:01:38]} 34. Be3 {[%clk 0:02:06]} Qc6 {[%clk 0:01:33]} 35. a4
{[%clk 0:02:25]} Qh1+ {[%clk 0:00:35]} 36. Ka2 {[%clk 0:02:45]} Qg2
{[%clk 0:00:56]} 37. Rd2 {[%clk 0:01:27]} Qxg3 {[%clk 0:01:08]} 38. Bxb6
{[%clk 0:01:14]} Qg5 {[%clk 0:00:38]} 39. Rd7 {[%clk 0:00:38]} Rb8
{[%clk 0:00:35]} 40. Qf3 {[%clk 0:30:34]} Qf6 {[%clk 0:30:34]} 41. Qxf6
{[%clk 0:28:55]} Bxf6 {[%clk 0:31:02]} 42. Rd6 {[%clk 0:28:58]} g5
{[%clk 0:29:55]} 43. c3 {[%clk 0:21:55]} Be7 {[%clk 0:27:58]} 44. Rc6
{[%clk 0:22:06]} g4 {[%clk 0:19:44]} 45. Be3 {[%clk 0:16:11]} g3 {[%clk 0:18:08]}
46. Ra6 {[%clk 0:14:27]} Rd8 {[%clk 0:04:52]} 47. Rxa5 {[%clk 0:13:47]} Rd3
{[%clk 0:05:14]} 48. Bb6 {[%clk 0:11:03]} g2 {[%clk 0:04:59]} 49. Rb5
{[%clk 0:07:15]} Rd6 {[%clk 0:04:03]} 50. Bf2 {[%clk 0:06:03]} f5
{[%clk 0:04:05]} 51. a5 {[%clk 0:05:25]} Bh4 {[%clk 0:04:29]} 52. Bc5
{[%clk 0:04:47]} f4 {[%clk 0:02:01]} 53. Bxd6 {[%clk 0:01:01]} g1=Q
{[%clk 0:02:24]} 54. a6 {[%clk 0:01:28]} Bf2 {[%clk 0:01:36]} 55. Bxf4
{[%clk 0:01:09]} Qf1 {[%clk 0:01:49]} 56. Ra5 {[%clk 0:00:33]} Qc4+
{[%clk 0:02:13]} 57. Ka1 {[%clk 0:00:40]} Qxf4 {[%clk 0:02:03]} 58. a7
{[%clk 0:01:04]} Bxa7 {[%clk 0:02:29]} 59. Rxa7 {[%clk 0:01:30]} e5
{[%clk 0:02:36]} 0-1

[Event "World Chess Olympiad 2018"]
[Site "Batumi"]
[Date "2018.10.05"]
[Round "11"]
[Board "2"]
[WhiteFideId "6500331"]
[White "Valdes Romero Leonardo"]
[BlackFideId "712779"]
[Black "Gledura Benjamin"]
[Result "1/2-1/2"]
[LiveChessVersion "1.4.8"]
[BlackElo "2621"]
[WhiteElo "2398"]

1. Nf3 {[%clk 1:30:56]} d5 {[%clk 1:30:52]} 2. g3 {[%clk 1:31:19]} g6
{[%clk 1:31:12]} 3. Bg2 {[%clk 1:32:06]} Bg7 {[%clk 1:31:48]} 4. d4
{[%clk 1:32:17]} c6 {[%clk 1:32:03]} 5. c4 {[%clk 1:32:20]} dxc4 {[%clk 1:31:40]}
6. O-O {[%clk 1:31:45]} Nf6 {[%clk 1:31:56]} 7. Qc2 {[%clk 1:30:02]} b5
{[%clk 1:31:16]} 8. b3 {[%clk 1:20:53]} Bf5 {[%clk 1:28:50]} 9. Qd2
{[%clk 1:20:21]} cxb3 {[%clk 1:27:29]} 10. axb3 {[%clk 1:20:45]} a5
{[%clk 1:24:32]} 11. Bb2 {[%clk 1:20:04]} O-O {[%clk 1:20:16]} 12. Rc1
{[%clk 1:19:15]} Ra6 {[%clk 1:13:58]} 13. Ne5 {[%clk 1:13:02]} Be4
{[%clk 1:13:39]} 14. Bxe4 {[%clk 0:51:55]} Nxe4 {[%clk 1:13:54]} 15. Qc2
{[%clk 0:52:14]} Ng5 {[%clk 1:13:09]} 16. Nd2 {[%clk 0:42:28]} Ne6
{[%clk 1:00:47]} 17. Ndf3 {[%clk 0:37:35]} Qb6 {[%clk 0:50:02]} 18. e3
{[%clk 0:27:39]} f6 {[%clk 0:47:42]} 19. Nd3 {[%clk 0:26:18]} Nd7
{[%clk 0:47:52]} 20. Ba3 {[%clk 0:24:18]} Re8 {[%clk 0:45:59]} 21. b4
{[%clk 0:19:34]} Nd8 {[%clk 0:41:16]} 22. bxa5 {[%clk 0:07:22]} Rxa5
{[%clk 0:38:45]} 23. Qb3+ {[%clk 0:07:40]} e6 {[%clk 0:38:47]} 24. Bb4
{[%clk 0:07:49]} Rxa1 {[%clk 0:38:22]} 25. Rxa1 {[%clk 0:08:13]} Nb7
{[%clk 0:36:58]} 26. Qa3 {[%clk 0:06:52]} Qc7 {[%clk 0:35:17]} 27. Rc1
{[%clk 0:06:23]} Nb6 {[%clk 0:31:19]} 28. Nd2 {[%clk 0:04:02]} Rc8
{[%clk 0:31:05]} 29. Qa2 {[%clk 0:04:04]} Qd7 {[%clk 0:28:07]} 30. Qa6
{[%clk 0:03:10]} Qc7 {[%clk 0:26:53]} 31. Qa2 {[%clk 0:03:27]} Qd7
{[%clk 0:25:23]} 32. Qa6 {[%clk 0:03:46]} Na4 {[%clk 0:24:34]} 33. Ne4
{[%clk 0:02:49]} e5 {[%clk 0:24:01]} 34. dxe5 {[%clk 0:01:02]} fxe5
{[%clk 0:24:14]} 35. Ndc5 {[%clk 0:00:59]} Nbxc5 {[%clk 0:22:44]} 36. Nxc5
{[%clk 0:00:59]} Nxc5 {[%clk 0:22:54]} 37. Bxc5 {[%clk 0:01:22]} e4
{[%clk 0:23:00]} 38. Bb4 {[%clk 0:01:02]} h5 {[%clk 0:20:23]} 39. Qa2+
{[%clk 0:31:04]} Qf7 {[%clk 0:19:51]} 40. Qa6 {[%clk 0:31:14]} Qe6
{[%clk 0:49:49]} 41. Qb7 {[%clk 0:24:41]} Be5 {[%clk 0:44:45]} 42. Rc5
{[%clk 0:16:59]} Bf6 {[%clk 0:36:47]} 43. h4 {[%clk 0:13:40]} Bg7
{[%clk 0:19:37]} 44. Rc1 {[%clk 0:09:16]} Be5 {[%clk 0:14:53]} 45. Rc5
{[%clk 0:09:25]} Bg7 {[%clk 0:11:29]} 46. Rc1 {[%clk 0:09:46]} Bf6
{[%clk 0:11:54]} 47. Rc5 {[%clk 0:10:01]} Qe8 {[%clk 0:10:38]} 48. Kg2
{[%clk 0:06:31]} Bg7 {[%clk 0:10:47]} 49. Kg1 {[%clk 0:05:19]} Bf8
{[%clk 0:09:57]} 50. Bc3 {[%clk 0:04:37]} Rb8 {[%clk 0:09:40]} 51. Qc7
{[%clk 0:04:28]} b4 {[%clk 0:09:35]} 52. Bb2 {[%clk 0:03:59]} Rc8
{[%clk 0:04:00]} 53. Qb7 {[%clk 0:04:14]} Rb8 {[%clk 0:02:02]} 54. Qc7
{[%clk 0:04:39]} Rc8 {[%clk 0:01:52]} 55. Qb7 {[%clk 0:05:04]} Rb8
{[%clk 0:01:38]} 1/2-1/2

[Event "World Chess Olympiad 2018"]
[Site "Batumi"]
[Date "2018.10.05"]
[Round "11"]
[Board "3"]
[WhiteFideId "702293"]
[White "Almasi Zoltan"]
[BlackFideId "6500170"]
[Black "Gonzalez Acosta Bernal"]
[Result "1-0"]
[LiveChessVersion "1.4.8"]
[BlackElo "2452"]
[WhiteElo "2702"]

1. Nf3 {[%clk 1:30:54]} d5 {[%clk 1:30:56]} 2. b3 {[%clk 1:31:16]} Nf6
{[%clk 1:31:15]} 3. Bb2 {[%clk 1:31:34]} Bf5 {[%clk 1:31:35]} 4. g3
{[%clk 1:31:17]} h6 {[%clk 1:31:58]} 5. Bg2 {[%clk 1:31:08]} e6 {[%clk 1:32:21]}
6. c4 {[%clk 1:29:35]} c6 {[%clk 1:32:27]} 7. O-O {[%clk 1:29:06]} Be7
{[%clk 1:32:50]} 8. d3 {[%clk 1:17:51]} O-O {[%clk 1:31:31]} 9. Nbd2
{[%clk 1:17:21]} Nbd7 {[%clk 1:31:52]} 10. a3 {[%clk 1:17:40]} a5
{[%clk 1:32:18]} 11. Ra2 {[%clk 1:12:47]} Re8 {[%clk 1:29:19]} 12. Qa1
{[%clk 1:11:18]} Bf8 {[%clk 1:28:55]} 13. Ne5 {[%clk 1:03:30]} Nxe5
{[%clk 1:24:54]} 14. Bxe5 {[%clk 1:03:58]} Nd7 {[%clk 1:15:02]} 15. Bc3
{[%clk 1:02:27]} Bg4 {[%clk 1:01:34]} 16. Re1 {[%clk 0:49:15]} b5
{[%clk 1:01:15]} 17. h3 {[%clk 0:49:29]} Bh5 {[%clk 1:01:39]} 18. cxb5
{[%clk 0:47:14]} cxb5 {[%clk 1:02:04]} 19. b4 {[%clk 0:41:15]} axb4
{[%clk 1:00:52]} 20. Bxb4 {[%clk 0:41:00]} Bxb4 {[%clk 0:57:40]} 21. axb4
{[%clk 0:41:27]} Rxa2 {[%clk 0:58:05]} 22. Qxa2 {[%clk 0:41:54]} Qa8
{[%clk 0:58:05]} 23. Qb2 {[%clk 0:42:02]} Nb6 {[%clk 0:54:56]} 24. Nb3
{[%clk 0:31:11]} Na4 {[%clk 0:49:41]} 25. Qe5 {[%clk 0:28:58]} Bg6
{[%clk 0:50:06]} 26. h4 {[%clk 0:26:48]} Qb7 {[%clk 0:43:27]} 27. Nd4
{[%clk 0:22:32]} Qb6 {[%clk 0:33:22]} 28. Rc1 {[%clk 0:21:40]} f6
{[%clk 0:33:23]} 29. Qe3 {[%clk 0:21:31]} Bf7 {[%clk 0:28:52]} 30. Rc6
{[%clk 0:21:31]} Qa7 {[%clk 0:29:19]} 31. Bh3 {[%clk 0:13:06]} e5
{[%clk 0:25:07]} 32. Nf5 {[%clk 0:09:47]} d4 {[%clk 0:19:48]} 33. Qf3
{[%clk 0:10:03]} Nc3 {[%clk 0:18:06]} 34. Qg4 {[%clk 0:05:45]} Bd5
{[%clk 0:16:36]} 35. Ra6 {[%clk 0:05:46]} Qb7 {[%clk 0:12:49]} 36. Rxf6
{[%clk 0:06:04]} Kh8 {[%clk 0:10:31]} 37. Rg6 {[%clk 0:05:09]} Rg8
{[%clk 0:06:38]} 38. Nxh6 {[%clk 0:04:53]} Ra8 {[%clk 0:07:05]} 39. Qh5
{[%clk 0:01:59]} Ra1+ {[%clk 0:06:23]} 40. Bf1 {[%clk 0:32:25]} 1-0

[Event "World Chess Olympiad 2018"]
[Site "Batumi"]
[Date "2018.10.05"]
[Round "11"]
[Board "4"]
[WhiteFideId "6500072"]
[White "Chinchilla Miranda Eugenio"]
[BlackFideId "718572"]
[Black "Berkes Ferenc"]
[Result "0-1"]
[LiveChessVersion "1.4.8"]
[BlackElo "2678"]
[WhiteElo "2206"]

1. d4 {[%clk 1:30:56]} Nf6 {[%clk 1:30:55]} 2. c4 {[%clk 1:31:20]} g6
{[%clk 1:31:20]} 3. Nc3 {[%clk 1:31:36]} Bg7 {[%clk 1:31:44]} 4. e4
{[%clk 1:31:52]} d6 {[%clk 1:32:09]} 5. Nf3 {[%clk 1:32:10]} O-O {[%clk 1:32:32]}
6. Be2 {[%clk 1:32:35]} c5 {[%clk 1:32:57]} 7. d5 {[%clk 1:31:09]} e6
{[%clk 1:32:48]} 8. h3 {[%clk 1:27:28]} Na6 {[%clk 1:32:18]} 9. O-O
{[%clk 1:27:18]} e5 {[%clk 1:32:31]} 10. Bg5 {[%clk 1:23:53]} h6 {[%clk 1:32:08]}
11. Bh4 {[%clk 1:22:36]} g5 {[%clk 1:26:48]} 12. Bg3 {[%clk 1:22:58]} Nh5
{[%clk 1:27:12]} 13. Nd2 {[%clk 1:16:47]} Nf4 {[%clk 1:27:35]} 14. Bg4
{[%clk 1:15:03]} Nc7 {[%clk 1:26:31]} 15. a3 {[%clk 1:13:08]} b6 {[%clk 1:25:16]}
16. b4 {[%clk 1:07:18]} Bxg4 {[%clk 1:15:24]} 17. hxg4 {[%clk 1:03:03]} Ne8
{[%clk 1:13:50]} 18. Rb1 {[%clk 0:59:39]} Nf6 {[%clk 1:13:21]} 19. bxc5
{[%clk 0:50:50]} bxc5 {[%clk 1:13:38]} 20. f3 {[%clk 0:39:31]} Qd7
{[%clk 1:02:19]} 21. Nb3 {[%clk 0:31:27]} h5 {[%clk 0:54:43]} 22. Na5
{[%clk 0:22:21]} Rab8 {[%clk 0:51:29]} 23. gxh5 {[%clk 0:21:05]} N4xh5
{[%clk 0:51:50]} 24. Bh2 {[%clk 0:17:17]} g4 {[%clk 0:45:22]} 25. fxg4
{[%clk 0:16:36]} Nxg4 {[%clk 0:38:31]} 26. Qf3 {[%clk 0:14:20]} Bh6
{[%clk 0:32:32]} 27. Rxb8 {[%clk 0:07:21]} Rxb8 {[%clk 0:32:55]} 28. Nc6
{[%clk 0:07:36]} Re8 {[%clk 0:24:25]} 29. Ne2 {[%clk 0:05:20]} Kg7
{[%clk 0:24:16]} 30. g3 {[%clk 0:03:07]} Nhf6 {[%clk 0:24:35]} 31. Rb1
{[%clk 0:02:30]} Rh8 {[%clk 0:24:04]} 32. Kg2 {[%clk 0:01:31]} Nxh2
{[%clk 0:24:00]} 33. Kxh2 {[%clk 0:01:51]} Be3+ {[%clk 0:24:17]} 0-1